Χώρες που Αρχίζουν με τα Ίδια 3 Γράμματα - Statistics

General Stats
  • This quiz has been taken 31 times
  • The average score is 41 of 80
Answer Stats
Γράμματα Χώρες % Correct
ΝΟΤ Νότια Αφρική
86%
ΝΟΤ Νότιο Σουδάν
86%
ΑΓΙ Αγία Λουκία
82%
ΗΝΩ Ηνωμένες Πολιτείες
82%
ΗΝΩ Ηνωμένο Βασίλειο
82%
ΝΟΤ Νότια Κορέα
82%
ΑΓΙ Άγιος Χριστόφορος και Νέβις
77%
ΗΝΩ Ηνωμένα Αραβικά Εμιράτα
77%
ΑΓΙ Άγιος Βικέντιος και Γρεναδίνες
73%
ΑΓΙ Άγιος Μαρίνος
73%
ΒΟΡ Βόρεια Κορέα
68%
ΓΟΥ Γουινέα
68%
ΓΟΥ Γουινέα-Μπισσάου
68%
ΙΡΑ Ιράκ
68%
ΙΡΑ Ιράν
68%
ΜΠΟ Μπουρκίνα Φάσο
68%
ΜΠΟ Μπουτάν
68%
ΤΟΥ Τουρκία
68%
ΑΥΣ Αυστραλία
64%
ΑΥΣ Αυστρία
64%
ΓΚΑ Γκαμπόν
64%
ΓΚΑ Γκάνα
64%
ΓΟΥ Γουιάνα
64%
ΝΙΓ Νίγηρας
64%
ΝΙΓ Νιγηρία
64%
ΤΟΥ Τουρκμενιστάν
64%
ΒΟΡ Βόρεια Μακεδονία
59%
ΓΚΑ Γκάμπια
59%
ΜΑΛ Μαλάουι
59%
ΜΑΛ Μάλι
59%
ΜΠΑ Μπαρμπάντος
59%
ΜΠΑ Μπαχάμες
55%
ΜΠΟ Μποτσουάνα
55%
ΚΟΥ Κούβα
50%
ΛΙΒ Λίβανος
50%
ΛΙΒ Λιβερία
50%
ΛΙΒ Λιβύη
50%
ΜΑΛ Μαλαισία
50%
ΟΥΓ Ουγγαρία
50%
ΡΟΥ Ρουμανία
50%
ΣΛΟ Σλοβακία
50%
ΣΛΟ Σλοβενία
50%
ΣΟΥ Σουδάν
50%
ΓΟΥ Γουατεμάλα
45%
ΙΝΔ Ινδία
45%
ΙΣΗ Ισημερινός
45%
ΚΑΜ Καμερούν
45%
ΚΑΜ Καμπότζη
45%
ΚΟΥ Κουβέιτ
45%
ΜΠΑ Μπανγκλαντές
45%
ΜΠΑ Μπαχρέιν
45%
ΜΠΟ Μπουρούντι
45%
ΝΗΣ Νήσοι Μάρσαλ
45%
ΝΗΣ Νήσοι Σολομώντα
45%
ΟΥΓ Ουγκάντα
45%
ΡΟΥ Ρουάντα
45%
ΤΟΥ Τουβαλού
45%
ΙΝΔ Ινδονησία
41%
ΙΣΗ Ισημερινή Γουινέα
41%
ΚΙΡ Κιργιζία
41%
ΜΑΥ Μαυριτανία
41%
ΣΟΥ Σουηδία
41%
ΚΙΡ Κιριμπάτι
36%
ΜΑΛ Μαλδίβες
36%
ΜΑΛ Μάλτα
36%
ΜΑΥ Μαυρίκιος
36%
ΔΟΜ Δομινίκα
32%
ΔΟΜ Δομινικανή Δημοκρατία
32%
ΚΟΣ Κόσοβο
32%
ΜΑΥ Μαυροβούνιο
32%
ΜΠΕ Μπελίζ
32%
ΜΠΕ Μπενίν
32%
ΚΟΣ Κόστα Ρίκα
27%
ΣΟΥ Σουρινάμ
27%
ΤΑΙ Ταϊβάν
27%
ΤΑΙ Ταϊλάνδη
27%
ΚΕΝ Κεντροαφρικανική Δημοκρατία
23%
ΚΕΝ Κένυα
23%
ΣΑΟ Σάο Τομέ και Πρίνσιπε
23%
ΣΑΟ Σαουδική Αραβία
23%
No matching quizzes found
Score Distribution
Percent of People with Each Score
Percentile by Number Answered
Your Score History
You have not taken this quiz